[Event "EU-ch U10 26th"]
[Site "Prague"]
[Date "2016.08.22"]
[Round "5"]
[White "Georgiev, Konstantin1"]
[Black "Gres, Michal"]
[Result "1-0"]
[WhiteElo "1760"]
[BlackElo "1452"]
[PlyCount "89"]
[EventDate "2016.08.18"]
[EventType "swiss"]
[EventRounds "9"]
[EventCountry "CZE"]
[SourceTitle "CBM 174 Extra"]
[Source "ChessBase"]
[SourceDate "2016.10.10"]
[SourceVersion "1"]
[SourceVersionDate "2016.10.10"]
[SourceQuality "1"]

1. e4 e5 2. Nf3 Nc6 3. Bc4 Nf6 4. d4 exd4 5. Ng5 d5 6. exd5 Na5 7. Qxd4 Nxc4 8. Qxc4 Qxd5 9. Qxd5 Nxd5 10. a3 f6 11. Nf3 Kf7 12. c4 Nb6 13. Nfd2 Bd6 14. 0-0 Bf5 15. b3 Rhe8 16. Nc3 Be5 17. Bb2 Rad8 18. Nf3 Bxc3 19. Bxc3 Rd3 20. Rac1 Red8 21. Rfe1 Re8 22. Rxe8 Kxe8 23. Nd4 Bg6 24. Kf1 Kd7 25. Ne2 Nc8 26. Nf4 Rd6 27. c5 Rc6 28. Rd1+ Ke8 29. b4 b6 30. Bd4 bxc5 31. Bxc5 Ra6 32. Nd5 Rc6 33. Rc1 Bf7 34. b5 Bxd5 35. bxc6 Bxc6 36. Kg1 Kf7 37. Bb4 Bd7 38. Rxc7 Ke6 39. f4 g6 40. g4 g5 41. f5+ Ke5 42. Rxd7 Kf4 43. h3 Kg3 44. Rd3+ Kh4 45. Be1# 1-0

[Event "EU-ch U10 26th"]
[Site "Prague"]
[Date "2016.08.19"]
[Round "2"]
[White "Gres, Michal"]
[Black "Thoreux Josso, Aaron"]
[Result "1-0"]
[WhiteElo "1452"]
[BlackElo "1124"]
[PlyCount "111"]
[EventDate "2016.08.18"]
[EventType "swiss"]
[EventRounds "9"]
[EventCountry "CZE"]
[SourceTitle "CBM 174 Extra"]
[Source "ChessBase"]
[SourceDate "2016.10.10"]
[SourceVersion "1"]
[SourceVersionDate "2016.10.10"]
[SourceQuality "1"]

1. e4 e5 2. Nf3 f5 3. d3 Nf6 4. Nc3 Nc6 5. Bg5 Be7 6. Bxf6 Bxf6 7. exf5 0-0 8. Qd2 d5 9. g4 e4 10. dxe4 dxe4 11. Qxd8 Rxd8 12. Nxe4 Bxb2 13. Rb1 Ne5 14. Nxe5 Bxe5 15. Bc4+ Kf8 16. Rd1 Rxd1+ 17. Kxd1 Bd7 18. Ke2 Bc6 19. f3 Re8 20. h4 Bf4 21. Bd3 Bxe4 22. fxe4 c5 23. Kf3 Be5 24. g5 a6 25. h5 b5 26. h6 c4 27. Be2 Rc8 28. g6 gxh6 29. Rxh6 Kg7 30. Rxh7+ Kg8 31. Re7 Rc5 32. Re6 Kg7 33. Rxa6 Bc3 34. Ra7+ Kg8 35. Kg4 Rc8 36. Rd7 Re8 37. Bf3 Bf6 38. Kh5 Bg7 39. Kg5 Kf8 40. f6 Re5+ 41. Kf4 Bxf6 42. Rf7+ Kg8 43. Rxf6 Re7 44. Rf7 Rxf7+ 45. gxf7+ Kxf7 46. e5 c3 47. Bh5+ Ke6 48. Bg4+ Ke7 49. e6 b4 50. Bh3 Kf6 51. Ke4 Ke7 52. Kd5 b3 53. axb3 Ke8 54. Kd6 Kd8 55. e7+ Ke8 56. Bd7+ 1-0

[Event "CZE-ch U10"]
[Site "Kouty nad Desnou"]
[Date "2015.03.14"]
[Round "9"]
[White "Gres, Michal"]
[Black "Faja, Vilem"]
[Result "1-0"]
[WhiteElo "1267"]
[BlackElo "1373"]
[PlyCount "69"]
[EventDate "2015.03.07"]
[EventType "swiss"]
[EventRounds "9"]
[EventCountry "CZE"]
[SourceTitle "EXT 2017"]
[Source "ChessBase"]
[SourceDate "2016.10.25"]
[SourceVersion "1"]
[SourceVersionDate "2016.10.25"]
[SourceQuality "1"]

1. e4 c5 2. Nf3 d6 3. d4 cxd4 4. Nxd4 Nf6 5. Nc3 a6 6. a4 e6 7. Be2 Be7 8. 0-0 0-0 9. Be3 Qc7 10. Kh1 Nc6 11. f4 b6 12. Bf3 Bb7 13. g4 e5 14. g5 exd4 15. gxf6 Bxf6 16. Nd5 Qd8 17. Bd2 Nb8 18. Nb4 a5 19. Nd3 Nd7 20. Rg1 Nc5 21. Rg3 Nxe4 22. Rg1 Nxd2 23. Bxb7 Ra7 24. Bd5 Re7 25. Qxd2 Rfe8 26. Rae1 Bh4 27. Nf2 g6 28. Bc6 Rxe1 29. Rxe1 Rxe1+ 30. Qxe1 Qc8 31. Bd5 Qxc2 32. Qe8+ Kg7 33. Qxf7+ Kh6 34. Qf8+ Kh5 35. Bf3# 1-0

[Event "CZE-ch U10"]
[Site "Kouty nad Desnou"]
[Date "2015.03.13"]
[Round "8"]
[White "Gres, Michal"]
[Black "Hlavina, Matous"]
[Result "1-0"]
[WhiteElo "1267"]
[BlackElo "1311"]
[PlyCount "97"]
[EventDate "2015.03.07"]
[EventType "swiss"]
[EventRounds "9"]
[EventCountry "CZE"]
[SourceTitle "EXT 2017"]
[Source "ChessBase"]
[SourceDate "2016.10.25"]
[SourceVersion "1"]
[SourceVersionDate "2016.10.25"]
[SourceQuality "1"]

1. e4 e6 2. d4 d5 3. e5 c5 4. c3 Nc6 5. Nf3 Qb6 6. Bd3 Bd7 7. 0-0 cxd4 8. cxd4 Nxd4 9. Nxd4 Qxd4 10. Nc3 Ne7 11. Nb5 Qxe5 12. f4 Qb8 13. f5 e5 14. Qc2 Nc6 15. Re1 a6 16. Nc3 Nb4 17. Qd2 Bc5+ 18. Kh1 Nxd3 19. Qxd3 d4 20. Bf4 0-0 21. Bxe5 Bd6 22. Qxd4 Bxe5 23. Rxe5 Re8 24. Rae1 Qc7 25. Re7 Rad8 26. Nd5 Qc6 27. Rxe8+ Bxe8 28. Ne7+ Kf8 29. Nxc6 Rxd4 30. Nxd4 Bd7 31. Rc1 Ke7 32. Rc7 Kd6 33. Rxb7 h6 34. g4 a5 35. Ra7 a4 36. b3 axb3 37. axb3 g6 38. f6 Bc8 39. Rxf7 Ke5 40. Rf8 Bxg4 41. b4 Kxd4 42. f7 Ke5 43. Re8+ Kd5 44. f8Q h5 45. Qf2 Kc4 46. Rd8 Kb5 47. Qc5+ Ka4 48. Rd3 Bf3+ 49. Rxf3 1-0

[Event "CZE-ch U10"]
[Site "Kouty nad Desnou"]
[Date "2015.03.08"]
[Round "2"]
[White "Gres, Michal"]
[Black "Pribyl, Viktor"]
[Result "0-1"]
[WhiteElo "1267"]
[BlackElo "1781"]
[PlyCount "76"]
[EventDate "2015.03.07"]
[EventType "swiss"]
[EventRounds "9"]
[EventCountry "CZE"]
[SourceTitle "EXT 2017"]
[Source "ChessBase"]
[SourceDate "2016.10.25"]
[SourceVersion "1"]
[SourceVersionDate "2016.10.25"]
[SourceQuality "1"]

1. e4 c5 2. Nf3 d6 3. d4 cxd4 4. Nxd4 Nf6 5. Nc3 a6 6. Be2 e6 7. Be3 Be7 8. 0-0 0-0 9. a4 Qc7 10. f4 Nc6 11. Kh1 Nxd4 12. Bxd4 Rd8 13. g4 e5 14. Be3 exf4 15. Bxf4 h6 16. Rg1 b6 17. Bf3 Bb7 18. g5 hxg5 19. Bxg5 Qc4 20. Be2 Nxe4 21. Nxe4 Qxe4+ 22. Bf3 Qxf3+ 23. Qxf3 Bxf3+ 24. Rg2 Bxg2+ 25. Kxg2 Bxg5 26. a5 b5 27. Rd1 Rac8 28. Rd2 Bxd2 29. Kf3 Rxc2 30. Ke4 Rxb2 31. Kd5 Rc2 32. Kd4 Re8 33. Kd3 Rcc8 34. Kxd2 b4 35. Kd1 b3 36. Kd2 b2 37. Kd3 b1Q+ 38. Kd2 Qc2# 0-1